Cães de Guerra / (Record no. 370)

MARC details
000 -LÍDER
campo de controle de tamanho fixo 02407nam a2200301 4500
001 - NÚMERO DE CONTROLE
campo de controle 370
003 - IDENTIFICADOR DO NÚMERO DE CONTROLE
campo de controle OSt
005 - DATA E HORÁRIO DA ÚLTIMA TRANSAÇÃO
campo de controle 20250528074019.0
008 - CAMPO DE DADOS FIXOS--INFORMAÇÃO GERAL
campo de controle de tamanho fixo 250403b |||||||e |||| 00| 1 eng d
040 ## - FONTE DA CATALOGAÇÃO
Idioma da catalogação por
041 ## - CÓDIGO DE IDIOMA
Código do idioma do original e/ou traduções intermediárias do texto eng
Código do idioma do texto/trilha sonora ou título diferente por
082 ## - CDD - CLASSIFICAÇÃO DECIMAL DE DEWEY
Número de Classificação 823
Número do exemplar F735c
100 1# - ENTRADA PRINCIPAL--NOME PESSOAL
Nome pessoal Forsyth, Frederick,
Datas associadas ao nome 1938-
9 (RLIN) 458
240 ## - TÍTULO UNIFORME
Título uniforme The dogs of war
245 ## - TÍTULO
Título Cães de Guerra /
Indicação de responsabilidade, etc. Forsyth, Frederick ; Traduçãoi de A. B. Pinheiro de Lemos
260 ## - PUBLICAÇÃO, DISTRIBUIÇÃO, ETC.
Local de publicação, distribuição, etc. São Paulo
Nome do editor, distribuidor, etc. Círculo do Livro
Data da publicação, distribuição, etc. 1974
300 ## - DESCRIÇÃO FÍSICA
Extensão 392 p.
520 ## - NOTA DE RESUMO, ETC.
Resumo, etc. O mundo dos mercenários, que tanto fascinou Frederick Forsyth desde que teve de acompanhar, como repórter, a tragédia do Biafra, constitui o pano de fundo deste romance, um dos mais célebres da sua obra de ficcionista. Aqui se retrata, de forma impiedosa, o universo sinistro que solidariza numa teia de interesses pouco claros as grandes figuras da alta finança, da banca internacional e do clube restrito e secreto do comércio das armas.<br/><br/>As maquinações de um Sir James Manson, dirigente de uma poderosa organização mineira, têm com efeito como objetivo derrubar o governo de uma longínqua república africana e eliminar o ditador que a ele preside. Os motivos de Manson, porém, nada têm de altruístas, e pouco a pouco despertam mesmo a atenção das grandes potências. Enquanto Shannon, o líder mercenário arregimentado por Manson, se ocupa de reunir os seus homens, alguns jornais descobrem e denunciam os propósitos do que está em curso.<br/><br/>Forsyth arrasta então o leitor por uma ronda alucinante através de algumas das grandes cidades europeias: de Paris a Ostende, na esteira dos locais onde se recrutam os mercenários; de Berna a Bruges, onde estão sediadas as grandes agências internacionais; e finalmente da Alemanha à Itália, ou da Espanha à Iugoslávia, onde se adquirem as armas e se organizam os grandes transportes de tropas e de material. Cada página de Os Cães da Guerra é uma autêntica aventura, que se lê com uma emoção e uma ansiedade sempre crescentes. Mas o seu desfecho irônico oferece a este romance uma dimensão totalmente inesperada.
650 #0 - ASSUNTO--TERMO TÓPICO
Cabeçalho tópico ou nome geográfico Literatura Inglesa
9 (RLIN) 89
650 #0 - ASSUNTO--TERMO TÓPICO
Cabeçalho tópico ou nome geográfico Conspiração
9 (RLIN) 768
650 #0 - ASSUNTO--TERMO TÓPICO
Cabeçalho tópico ou nome geográfico Romance Policial
9 (RLIN) 11
650 #0 - ASSUNTO--TERMO TÓPICO
Cabeçalho tópico ou nome geográfico Guerra
9 (RLIN) 30
650 #0 - ASSUNTO--TERMO TÓPICO
Cabeçalho tópico ou nome geográfico Suspense
9 (RLIN) 10
655 #0 - TERMO DE ÍNDICE--GÊNERO E FORMA
Gênero/forma/ou termo foco Romance
655 #0 - TERMO DE ÍNDICE--GÊNERO E FORMA
Gênero/forma/ou termo foco Ficção
700 ## - ENTRADA ADICIONADA - NOME PESSOAL
Nome pessoal A. B. Pinheiro de Lemos
Função do autor por extenso Tradutor
9 (RLIN) 109
942 ## - ELEMENTOS DE ENTRADA ADICIONADOS (KOHA)
Fonte de classificação ou esquema de arquivamento Classificação decimal de Dewey
Ocultar no OPAC Não
Tipo de material Koha Livros
Holdings
Situação do descarte Situação das perdas Fonte de classificação ou esquema de arquivamento Status danificado Não pode ser emprestado Coleção Biblioteca de origem Biblioteca atual Localização na estante Data de aquisição Fonte de aquisição Total de empréstimos Número de chamada completo Código de barras Data de último acesso Data do preço efetivo Tipo de material Koha
    Classificação decimal de Dewey     Ficção Biblioteca Professor Eduardo Afonso de Castro Biblioteca Professor Eduardo Afonso de Castro Literatura Estrangeira 17.02.2011 doação   823 / F735c 2025-1486 03.04.2025 03.04.2025 Livros

Powered by Koha